| 000 | 00518nam a2200193Ia 4500 | ||
|---|---|---|---|
| 003 | GCL | ||
| 008 | 140319s9999 xx 000 0 eng d | ||
| 040 |
_aGCL / _cGCL |
||
| 082 | 0 | 4 |
_a739.14 _bH C |
| 100 | 1 | _aHUGHES, RICHARD | |
| 245 | 1 | 0 |
_aTHE COLOURING BRONZINGAND PATINATION OF METALS / _cHUGHES, RICHARD |
| 700 | 1 | _aROWE, MICHAEL | |
| 260 |
_a[S.N] : _bTHAMES AND HUDSON ، _c1994 |
||
| 300 | _a372 P | ||
| 650 | 0 | 4 | _aMETAL - TECHNIQUES |
| 650 | 0 | 4 | _aCOST BRONZE |
| 650 | 0 | 4 | _aMETAL - WORKS |
| 942 |
_2ddc _cBK |
||
| 999 |
_c12061 _d12061 |
||